000 00734nam a2200229 a 4500
001 000046824
003 DO-SdBNP
005 20211206104058.0
008 180402s2016 dr a r 000 0 spa d
020 _a9789954167238
040 _aDO-SdBNP
_bspa
_cBPMSU
082 _a375.796
_bV297a 2016
_222
100 1 _aVargas Vargas, Elpidio
245 1 0 _aAtletismo educativo :
_bcurrículo y formación docente /
_cElpidio Vargas Vargas, Sara Alarcón Afón.
260 _aSanto Domingo :
_bBúho,
_c2016.
300 _a148 p. :
_bil. ;
_c24 cm.
590 _aInventariado,2021/VM
650 4 _2
_aEducación física
_xEnseñanza
_zRepública Dominicana
700 1 _aAlarcón Afón, Sara
910 _aVMateo V.
942 _2ddc
_cBK
999 _c13920
_d13920